<?xml version="1.0" encoding="UTF-8"?><?xml-stylesheet type="text/xsl" href="static/style.xsl"?><OAI-PMH xmlns="http://www.openarchives.org/OAI/2.0/" xmlns:xsi="http://www.w3.org/2001/XMLSchema-instance" xsi:schemaLocation="http://www.openarchives.org/OAI/2.0/ http://www.openarchives.org/OAI/2.0/OAI-PMH.xsd"><responseDate>2026-04-17T02:48:52Z</responseDate><request verb="GetRecord" identifier="oai:www.recercat.cat:2072/403145" metadataPrefix="marc">https://recercat.cat/oai/request</request><GetRecord><record><header><identifier>oai:recercat.cat:2072/403145</identifier><datestamp>2025-02-06T00:17:26Z</datestamp><setSpec>com_2072_98</setSpec><setSpec>col_2072_378192</setSpec></header><metadata><record xmlns="http://www.loc.gov/MARC21/slim" xmlns:dcterms="http://purl.org/dc/terms/" xmlns:xsi="http://www.w3.org/2001/XMLSchema-instance" xmlns:doc="http://www.lyncode.com/xoai" xsi:schemaLocation="http://www.loc.gov/MARC21/slim http://www.loc.gov/standards/marcxml/schema/MARC21slim.xsd">
   <leader>00925njm 22002777a 4500</leader>
   <datafield ind2=" " ind1=" " tag="042">
      <subfield code="a">dc</subfield>
   </datafield>
   <datafield ind2=" " ind1=" " tag="720">
      <subfield code="a">Viet Sang, Dinh</subfield>
      <subfield code="e">author</subfield>
   </datafield>
   <datafield ind2=" " ind1=" " tag="260">
      <subfield code="c">2014</subfield>
   </datafield>
   <datafield ind2=" " ind1=" " tag="520">
      <subfield code="a">Advisors: Prof. Sergey Dvoenko. Date and location of PhD thesis defense: 24 October 2013, Dorodnicyn Computing Centre of Russian Academy of Sciences</subfield>
   </datafield>
   <datafield ind2=" " ind1=" " tag="520">
      <subfield code="a">Nowadays the great interest of researchers in the problem of processing the interrelated data arrays including images is retained. In the modern theory of machine learning, the problem of image processing is often viewed as a problem in the field of graph models. Image pixels constitute a unique array of interrelated elements. The interrelations between array elements are represented by an adjacency graph. The problem of image processing is often solved by minimizing Gibbs energy associated with corresponding adjacency graphs. The crucial disadvantage of Gibbs approach is that it requires empirical specifying of appropriate energy functions on cliques. In the present work, we investigate a simpler, but not less effective model, which is an expansion of the Markov chain theory. Our approach to image processing is based on the idea of replacing the arbitrary adjacency graphs by tree-like (acyclic in general) ones and linearly combining of acyclic Markov models in order to get the best quality of restoration of hidden classes. In this work, we propose algorithms for tuning combination of acyclic adjacency graphs.</subfield>
   </datafield>
   <datafield tag="653" ind2=" " ind1=" ">
      <subfield code="a">Image Processing</subfield>
   </datafield>
   <datafield tag="653" ind2=" " ind1=" ">
      <subfield code="a">Image Segmentation</subfield>
   </datafield>
   <datafield tag="653" ind2=" " ind1=" ">
      <subfield code="a">Supervised Learning</subfield>
   </datafield>
   <datafield tag="653" ind2=" " ind1=" ">
      <subfield code="a">Hidden Markov Model</subfield>
   </datafield>
   <datafield tag="653" ind2=" " ind1=" ">
      <subfield code="a">Markov Chain</subfield>
   </datafield>
   <datafield tag="653" ind2=" " ind1=" ">
      <subfield code="a">Graph Model</subfield>
   </datafield>
   <datafield ind2="0" ind1="0" tag="245">
      <subfield code="a">Algorithms for selecting parameters of combination of acyclic adjacency graphs in the problem of texture image processing</subfield>
   </datafield>
</record></metadata></record></GetRecord></OAI-PMH>